000
00274 a2200121 4500
001
38594
082
_a
629.3872CRO
090
_c
24465
_d
24465
100
_a
Crouse W.H
245
_a
Automotive mechanics, 10/e
250
_a
10
260
_a
Singapore
_b
McGraw Hill
_c
1993
942
_a
NUST-CAE
_k
629.3872CRO
999
_c
273667
_d
273667